SAT Words Click Quiz - M - Statistics

General Stats
  • This quiz has been taken 845 times
  • The average score is 13 of 15
Answer Stats
Hint Answer % Correct
Transformation Metamorphosis
96%
Consisting of one color or shade Monochrome
94%
Interpret incorrectly Misconstrue
92%
Capable of being shaped or formed Malleable
91%
Powerful, turbulent whirlpool Maelstrom
89%
Incorrect or misleading name Misnomer
88%
Mishap; misfortune Misadventure
87%
Sweetly flowing Mellifluous
85%
Generous, noble Magnanimous
84%
One who is dissatisfied; grump Malcontent
83%
Nonconformist, renegade Maverick
83%
Beggar Mendicant
79%
Great in number; countless Myriad
79%
Mixture of various items Miscellany
76%
Dishonesty Mendacity
70%
No matching quizzes found
Score Distribution
Percent of People with Each Score
Percentile by Number Answered
Your Score History
You have not taken this quiz